000 00262nam a22001217a 4500
008 170401b xxu||||| |||| 00| 0 eng d
041 _aeng
080 _22ND
_a574
100 _a9
101 _aSHM
245 _aENVIRONMENT AND MAN
_cWAGNER, R.H
942 _2udc
_cBK
999 _c9451
_d9451